Normal view
MARC view
Entry Personal Name
001 - CONTROL NUMBER
- control field: 727492
003 - CONTROL NUMBER IDENTIFIER
- control field: OSt
005 - DATE AND TIME OF LATEST TRANSACTION
- control field: 20241129110225.0
008 - FIXED-LENGTH DATA ELEMENTS
- fixed length control field: 241129|| aca||aabn | a|a d
040 ## - CATALOGING SOURCE
- Original cataloging agency: OSt
- Transcribing agency: OSt
100 ## - HEADING--PERSONAL NAME
- Personal name: Khan Arafat Hosen Au
670 ## - SOURCE DATA FOUND
- Source citation: Work cat.: (OSt)1227782: Khan Arafat Hosen Au., Constitution of Bangladesh: people, politics and judicial intervention, 2023
